| 000 | 00350nam a22001337a 4500 | ||
|---|---|---|---|
| 999 |
_c18224 _d18224 |
||
| 008 | 200207b xxu||||| |||| 00| 0 eng d | ||
| 020 | _a1854313150 | ||
| 050 |
_aKD400 _b.F74 1996 c.1 |
||
| 100 | _aFrench, Derek | ||
| 245 |
_aHow to Cite Legal Authorities _cDerek French |
||
| 260 |
_aNew York _bOUP _c1996 |
||
| 300 | _avi, 284p. | ||
| 942 |
_2lcc _cBK |
||